000
00330nam a22001097a 4500
082
_a
339.46 ; FLP
245
_a
A foreign lens how global partners view China's poverty alleviation efforts
260
_a
Beijing
_b
Foreign Language Press
_c
2019
300
_a
167p
942
_2
ddc
_c
BK
999
_c
587870
_d
587870